| 000 | 00642nam a2200217Ia 4500 | ||
|---|---|---|---|
| 005 | 20220119115451.0 | ||
| 008 | 210716s2013 xx 000 0 und d | ||
| 020 | _a9789350042403 | ||
| 040 | _cAIMIT LIBRARY | ||
| 041 | _aeng | ||
| 082 |
_a332.0412 _21 _bSEKG |
||
| 100 |
_aSekhar, G V Satya. _913678 |
||
| 245 |
_aWorking capital management. _cby G V Satya Sekhar. |
||
| 250 | _a1st. ed.- | ||
| 260 |
_aNew Delhi: _bBiztantra _c2013 |
||
| 300 | _axxvi, 357p. ;23cm. | ||
| 650 |
_aCash management _913679 |
||
| 650 |
_aManagement of receivables _913680 |
||
| 650 |
_aInventory management _913681 |
||
| 942 |
_2ddc _cBK _e1 _k332.0412 SEKG |
||
| 999 |
_c208996 _d208996 |
||